El sendero del tigre: exotismo en la literatura española de finales del siglo XIX 1880-1913

Сохранить в:
Библиографические подробности
Главный автор: Litvak, Lily (autora)
Формат:
Язык:испанский
Опубликовано: Madrid Taurus 1986
Серии:Persiles, 172
Предметы:
Метки: Добавить метку
Нет меток, Требуется 1-ая метка записи!

MARC

LEADER 00000nam a2200000 a 4500
001 UCX3961
003 CL-VaPUC
008 920304e19860000SP |||||||||||||||||spa|d
082 0 4 |a 860.9  |b LIT  |2 21 
100 |a Litvak, Lily  |e autora  |9 378308 
245 1 3 |a El sendero del tigre: exotismo en la literatura española de finales del siglo XIX 1880-1913 
300 |a 293 p 
942 |c BK 
945 |d 19920304 00:00:00 
260 |a Madrid  |b Taurus  |c 1986 
650 0 |a Literatura española  |9 306261 
650 7 |a HISTORIA Y CRITICA SIGLO 19  |2 CL-VaPUC  |9 269390 
583 |a last modification  |c 19920304 00:00:00  |k Rodrigo Vera 
490 0 |a Persiles, 172 
999 |c 224567  |d 224565 
952 |0 0  |1 0  |4 0  |6 860_900000000000000_LIT_1986  |7 0  |8 A  |9 221266  |a BIBEDU  |b BIBEDU  |d 2019-11-15  |i 2900602  |o 860.9 LIT 1986  |p 2900602  |r 2019-11-15  |w 2019-11-15  |y BK  |k LIT